000 00970nam a22002531u 4500
001 12187
003 HDC
007 cr bn ---
008 210209p2002 my eng
040 _aHDC
100 _aSuri Roowi,
_eauthor
_912629
245 0 _aEffect of elicitors on the production of naringin and rutin in leech lime (Citrus hystrix) callus /
_cby Suri Roowi, Radzali Muse, Marziah Mahmood and Mohd. Aspollah Hj Sukari
260 _aSerdang :
_bMalaysian Agricultural Research and Development Institute (MARDI),
_c2002
300 _a1 page
336 _atext
_2rdacontent
337 _acomputer
_2rdamedia
338 _aonline resource
_2rdacarrier
650 _aCitrus hystrix
_912630
650 _aElicitors
_912631
856 _zRequest full-text at [email protected]
942 _2lcc
942 _cAR
942 _kJART 003032
999 _c9510
_d9510